000 00954nam a22002177a 4500
003 OSt
005 20250927154601.0
008 240315b ||||| |||| 00| 0 eng d
040 _c0
082 _aDPer 621.381 In821 August 2022 v. 37 n. 8
100 _aBai, Cong.
_eauthor.
_954840
245 _aMultiple-models adaptive disturbance observer-based predictive control for linear permanent-magnet synchronous motor vector drive /
_cCong Bai, Zhonggang Yin, Yanping Zhang, and Jing Liu.
260 _aNew York ;
_bThe Institute of Electrical and Electronics Engineers, Inc. ,
_cAugust 2022.
300 _aVolume 37, pages 9596-9611 :
_billustration ;
_c28 cm.
500 _aIEEE Transitions on Power Electronics, v. 37 n. 8, pages 9596-9611, August 2022.
700 _aBai, Cong.
_eauthor.
_954840
700 _aYin, Zhonggang.
_eauthor.
_954841
700 _aZhang, Yanping.
_eauthor.
_954842
700 _aLiu, Jing.
_eauthor.
_954843
942 _2ddc
_cPER
999 _c19719
_d19719